000 00837nmc a2200301 a 4500
003 AR-BaBNM
005 20251128210829.0
008 061020s2000 ||||||||||||||000 | spa||
020 _a84-249-2500-9
040 _cAR-BaBNM
100 0 _aTeofrasto
245 1 0 _aCaracteres ;
_bCartas : de pescadores, campesinos, parásitos y cortesanas
260 _aMadrid
_bGredos
_c2000
300 _a317 p.
490 0 _aBiblioteca básica Gredos
_vv. 37
650 4 _aLITERATURA GRIEGA
650 4 _aETICA
650 4 _aRETORICA
653 _aFILOSOFIA MORAL
653 _aLITERATURA DIDACTICA
653 _aGENERO EPISTOLAR
655 _aLITERATURA
700 0 _aAlcifrón
700 1 _aRuiz García, Elisa
_etraductor
740 0 _aCartas de pescadores, campesinos, parásitos y cortesanas
942 _cBK
998 _cMARTIN
999 _c17107
_d17107